00626nam a2200181 a 450000500170000000800410001702000180005805000260007610000210010224501020012326000390022530000210026444000360028552100080032165000540032965000420038370000190042520140310183553.0111015s19uu xx 00 eng d a9781412949361 aLB 2831.82b.B85 2009 aBlankstein, Alan aBuilding sustainable leadership capacity /cAlan Blankstein, Paul Houston, Robert Cole - editors. aCalifornia :bCorwin Press,c2009. a177 p. :c25 cm. aThe Soul Educational Leadership aEDU aSchool administratorsxTraining ofxUnited States aEducational leadershipxUnited States aHouston, Paul.